000 00575nam a2200205Ia 4500
005 20250923144635.0
008 008 250917s9999 xx 000 0 eng d
037 _aTextual
040 _aDSWL
_beng
_cDSWL
041 _aeng
_2eng
084 _aYX.73, N49
_qDSWL
100 _aMiles, Arthur P.
_9826909
245 3 _aAn Introduction to public welfare
_cby Arthur P Miles .
260 _aBoston
_bD.C. Heath & Co.
_c1949
300 _a450p.
365 _aUSD
_b4.25
925 _g4.25
942 _cTEXL
_hYX.73, N49
999 _c1441526
_d1441526